LIBRARY & INFORMATION CENTRE, KCAET, TAVANUR

ONLINE PUBLIC ACCESS CATALOGUE (OPAC)

Design, fabrication and testing of a power operated paddy dibbler (Record no. 15054)

MARC details
000 -LEADER
fixed length control field 00598nam a22001697a 4500
003 - CONTROL NUMBER IDENTIFIER
control field OSt
088 ## - REPORT NUMBER
Report number T 59
100 ## - MAIN ENTRY--AUTHOR NAME
Personal name JAYARAJAN R
245 ## - TITLE STATEMENT
Title Design, fabrication and testing of a power operated paddy dibbler
260 ## - PUBLICATION, DISTRIBUTION, ETC. (IMPRINT)
Place of publication Tavanur 1996
Name of publisher Kelappaji College of Agricultural Engineering and Technology
300 ## - PHYSICAL DESCRIPTION
Number of Pages 93
500 ## - GENERAL NOTE
General note Design, fabrication and testing of a power operated paddy dibbler
520 ## - SUMMARY, ETC.
Summary, etc two row power operated paddy dibbler. designed KCAET, Tavanur. two seed boxes, plungers
700 ## - ADDED ENTRY--PERSONAL NAME
Personal name Er. Jippu Jacob (Guide)
942 ## - ADDED ENTRY ELEMENTS (KOHA)
Koha item type Theses
Holdings
Collection code Home library Current library Shelving location Full call number Accession Number Koha item type Public note
Reference KAUAET KAUAET Reference 631.3 JAY/DE T 59 Theses M.Tech Thesis
free website counter